[Event "Int. Stuttgarter Stadtmeisterschaft C"]
[Site "Ditzingen"]
[Date "2016.05.06"]
[Round "4.19"]
[White "Richter, Michael"]
[Black "Kalwei, Reinhard"]
[Result "1/2-1/2"]
[WhiteElo "989"]
[BlackElo "1453"]
[PlyCount "120"]
[EventDate "2016.??.??"]
[WhiteTeam "TSV/RSK Esslingen"]
[BlackTeam "SC Aidlingen"]

1. d4 Nf6 2. c4 d6 3. Nf3 g6 4. Nc3 Bg7 5. Bf4 O-O 6. e3 Bg4 7. Be2 Nbd7 8. O-O
Nh5 9. Qd2 Nxf4 10. exf4 c5 11. Rfe1 Rb8 12. Qe3 Bxf3 13. Bxf3 cxd4 14. Qxe7
dxc3 15. Bd1 cxb2 16. Rb1 Nc5 17. Qe3 Qb6 18. Bc2 Ne6 19. f5 Bd4 20. Qg3 Bxf2+
21. Qxf2 Qxf2+ 22. Kxf2 Nd4 23. Rxb2 Nxc2 24. Rxc2 gxf5 25. Kf3 Rbc8 26. Re7
Rb8 27. Kf4 Rfe8 28. Rd7 Red8 29. Re7 Kf8 30. Rc7 Rdc8 31. Rd7 Rc6 32. Re2
Rxc4+ 33. Kxf5 Re8 34. Rb2 Rc5+ 35. Kf4 Rce5 36. Rbxb7 R5e7 37. Rxa7 Rxd7 38.
Rxd7 Re6 39. a4 Ke8 40. Rb7 d5 41. a5 Re4+ 42. Kf3 Ra4 43. Rb5 d4 44. Rd5 d3
45. Ke3 Ra3 46. Rxd3 Rxa5 47. Kf4 Ke7 48. Rh3 h5 49. Re3+ Kf6 50. Re8 Rf5+ 51.
Kg3 Rg5+ 52. Kh3 Rg4 53. Rh8 Kg7 54. Rxh5 Ra4 55. g4 Kg6 56. Kg3 f6 57. h4 Ra3+
58. Kf4 Ra4+ 59. Kg3 Ra3+ 60. Kf4 Ra4+ 1/2-1/2

[Event "Int. Stuttgarter Stadtmeisterschaft C"]
[Site "Ditzingen"]
[Date "2016.05.06"]
[Round "4.20"]
[White "Kappler, Roswitha"]
[Black "Maly, Jan"]
[Result "0-1"]
[WhiteElo "725"]
[BlackElo "1268"]
[PlyCount "38"]
[EventDate "2016.??.??"]
[WhiteTeam "SG Fasanenhof"]
[BlackTeam "SF Kornwestheim"]

1. e4 e5 2. Nf3 Nc6 3. Nc3 Bc5 4. Bc4 d6 5. Nd5 Nf6 6. O-O Bg4 7. c3 Nxe4 8.
Ne3 Nf6 9. Qa4 Bxf3 10. b4 Bb6 11. gxf3 a6 12. Re1 Nh5 13. Ng2 O-O 14. Be2 Qf6
15. Qc2 Rfe8 16. Rd1 e4 17. f4 Nxf4 18. Kf1 Nh3 19. Ne3 Qxf2# 0-1

[Event "Int. Stuttgarter Stadtmeisterschaft C"]
[Site "Ditzingen"]
[Date "2016.05.06"]
[Round "4.21"]
[White "Sinner, Arthur"]
[Black "Volpp, Hannes"]
[Result "1-0"]
[WhiteElo "1198"]
[BlackElo "933"]
[PlyCount "79"]
[EventDate "2016.??.??"]
[WhiteTeam "TSV/RSK Esslingen"]
[BlackTeam "GSV Hemmingen"]

1. e4 e5 2. Nf3 Nc6 3. Bb5 a6 4. Ba4 b5 5. Bb3 Bc5 6. c3 Nf6 7. d3 b4 8. O-O
bxc3 9. Nxc3 d6 10. Bg5 h6 11. Bh4 Bg4 12. Bd5 Qd7 13. Bxf6 gxf6 14. Bxc6 Qxc6
15. Nd5 h5 16. Nxf6+ Ke7 17. Nd5+ Ke6 18. Ng5+ Kd7 19. Nf6+ Kc8 20. Nxg4 hxg4
21. Qxg4+ Kb7 22. Qe2 f5 23. exf5 Rhg8 24. Ne4 Raf8 25. Nxc5+ dxc5 26. Qe4 Rxf5
27. Qxc6+ Kxc6 28. Rae1 Kd5 29. Re4 Rfg5 30. g3 Rb8 31. b3 a5 32. f4 exf4 33.
Rfxf4 c6 34. d4 c4 35. bxc4+ Kxc4 36. Re5 Rxe5 37. dxe5+ Kd5 38. Rf5 Ke6 39. g4
Rb1+ 40. Kg2 1-0

[Event "Int. Stuttgarter Stadtmeisterschaft C"]
[Site "Ditzingen"]
[Date "2016.05.06"]
[Round "4.22"]
[White "Limbeck, Marcus"]
[Black "Hdya, Mohammad"]
[Result "1/2-1/2"]
[WhiteElo "1129"]
[BlackElo "823"]
[PlyCount "44"]
[EventDate "2016.??.??"]
[WhiteTeam "SC Leimen"]
[BlackTeam "SF Freiberg"]

1. c4 e5 2. g3 b6 3. Bg2 c6 4. Nc3 Na6 5. Nf3 Nf6 6. Nxe5 Bd6 7. Nf3 O-O 8. a3
Bc5 9. b4 Be7 10. Bb2 d5 11. d3 c5 12. Nxd5 Nxd5 13. cxd5 Bb7 14. e4 cxb4 15.
axb4 Nxb4 16. O-O Ba6 17. Ne5 Bf6 18. Nc6 Nxc6 19. Bxf6 Qxf6 20. Rxa6 Nb8 21.
Ra1 Nd7 22. d4 b5 1/2-1/2

[Event "Int. Stuttgarter Stadtmeisterschaft C"]
[Site "Ditzingen"]
[Date "2016.05.06"]
[Round "4.24"]
[White "Eid, Sami"]
[Black "Acar, Lukas"]
[Result "1-0"]
[WhiteElo "1062"]
[BlackElo "880"]
[PlyCount "87"]
[EventDate "2016.??.??"]
[WhiteTeam "SF Freiberg"]
[BlackTeam "SF Birkenfeld"]

1. e4 e5 2. Nf3 Nc6 3. Bc4 b6 4. d3 Bb7 5. Ng5 Nh6 6. Nc3 Be7 7. Qh5 O-O 8. O-O
Bf6 9. Nd5 Bxg5 10. Bxg5 Qb8 11. Bxh6 gxh6 12. Qxh6 Qd8 13. Nf6+ Qxf6 14. Qxf6
Nb4 15. Qxe5 Rae8 16. Qxc7 Ba6 17. Bxa6 Nxa6 18. Qxa7 Nb4 19. Qa4 Nc6 20. Rfe1
Re7 21. d4 Rfe8 22. d5 f5 23. f3 Ne5 24. Qb3 d6 25. Qxb6 Rg7 26. Qe3 fxe4 27.
fxe4 Rf8 28. Rf1 Rgf7 29. Rxf7 Rxf7 30. Qg5+ Kf8 31. Qd8+ Kg7 32. Qxd6 Nc4 33.
Qg3+ Kh6 34. b3 Nd2 35. Qe1 Rf1+ 36. Qxf1 Nxf1 37. Rxf1 Kh5 38. d6 Kh4 39. d7
h6 40. d8=Q+ Kh5 41. Qe8+ Kh4 42. g3+ Kg4 43. Qg6+ Kh3 44. Qh5# 1-0

[Event "Int. Stuttgarter Stadtmeisterschaft C"]
[Site "Ditzingen"]
[Date "2016.05.06"]
[Round "4.26"]
[White "Wippermann, Tim"]
[Black "Dimitrov, Leon"]
[Result "0-1"]
[WhiteElo "782"]
[BlackElo "1033"]
[PlyCount "48"]
[EventDate "2016.??.??"]
[WhiteTeam "SF Freiberg"]
[BlackTeam "SF Freiberg"]

1. e4 e5 2. Nf3 Nc6 3. Nc3 Bc5 4. Bc4 Nf6 5. O-O d6 6. Ng5 O-O 7. Nd5 Be6 8.
Nxf6+ Qxf6 9. Qh5 h6 10. Nxf7 Bxf7 11. Qf5 Bxc4 12. d3 Qxf5 13. exf5 Ba6 14.
Be3 Nd4 15. c3 Nc2 16. Rac1 Nxe3 17. fxe3 Bxe3+ 18. Kh1 Bxc1 19. Rxc1 Bxd3 20.
g4 g6 21. g5 hxg5 22. fxg6 Bxg6 23. Rg1 Be4+ 24. Rg2 Rf1# 0-1

[Event "Int. Stuttgarter Stadtmeisterschaft C"]
[Site "Ditzingen"]
[Date "2016.05.06"]
[Round "4.29"]
[White "Küfner, Matthias"]
[Black "Lin, Nathanael"]
[Result "1-0"]
[WhiteElo "824"]
[BlackElo "756"]
[PlyCount "67"]
[EventDate "2016.??.??"]
[WhiteTeam "SV Dicker Turm Esslingen"]
[BlackTeam "SC Sillenbuch"]

1. d4 d5 2. Nc3 Nf6 3. Bf4 e6 4. a3 Nc6 5. e3 Be7 6. Nf3 O-O 7. Nb5 Ne8 8. Bd3
Bd6 9. Bg3 Nf6 10. Nxd6 cxd6 11. Bh4 Qa5+ 12. Qd2 Qb6 13. b4 Ne4 14. Bxe4 dxe4
15. Ng1 Qb5 16. Qe2 Qd5 17. Qg4 e5 18. Qg3 Qc4 19. Rc1 Qc3+ 20. Kd1 h5 21. Bf6
Bg4+ 22. f3 gxf6 23. fxg4 Ne7 24. gxh5+ Kh7 25. Ne2 Qxa3 26. Rf1 Rg8 27. Qh4
Nd5 28. Qxe4+ Kg7 29. Qxd5 Qa6 30. Rf2 Rh8 31. Ng3 Rac8 32. Nf5+ Kf8 33. Nxd6
Rd8 34. Qxf7# 1-0

[Event "Int. Stuttgarter Stadtmeisterschaft C"]
[Site "Ditzingen"]
[Date "2016.05.06"]
[Round "4.30"]
[White "Toma, Yanis"]
[Black "Schäfer, Helmut"]
[Result "0-1"]
[WhiteElo "1319"]
[BlackElo "1147"]
[PlyCount "122"]
[EventDate "2016.??.??"]
[WhiteTeam "Lübecker SV"]
[BlackTeam "TSV Münchingen"]

1. e4 e5 2. Nf3 d6 3. Bc4 Nf6 4. Qe2 Be7 5. O-O Bd7 6. d3 c5 7. c3 Nc6 8. Bg5
Na5 9. Bb3 Nxb3 10. axb3 Be6 11. Nbd2 Qb6 12. c4 O-O 13. Rfc1 Qd8 14. Nf1 Bg4
15. Ne3 Qd7 16. Nxg4 Nxg4 17. Bxe7 Qxe7 18. h3 Nf6 19. Ra2 Nh5 20. g3 f5 21.
exf5 Rxf5 22. Nh4 Rg5 23. Qf3 Qf7 24. Qxf7+ Kxf7 25. Nf3 Rf5 26. Kg2 a6 27. g4
Nf4+ 28. Kg3 Ne2+ 29. Kh4 Nxc1 30. gxf5 Nxa2 31. Ng5+ Kg8 32. Ne6 Nb4 33. Kg5
Nxd3 34. f3 Kf7 35. Nc7 h6+ 36. Kh5 Rc8 37. Nd5 Nf4+ 38. Nxf4 exf4 39. Kg4 Kf6
40. Kxf4 Re8 41. h4 Re2 42. Kg4 Rxb2 43. Kf4 Rxb3 44. Ke4 a5 45. Kd5 Ke7 46. f4
a4 47. h5 Rd3+ 48. Ke4 Rh3 49. Kd5 Rxh5 50. Ke4 Kf6 51. Kd3 Kxf5 52. Kc3 Kxf4
53. Kb2 Rh3 54. Ka2 g5 55. Kb2 g4 56. Ka2 a3 57. Ka1 g3 58. Ka2 g2 59. Ka1
g1=Q+ 60. Ka2 Qf2+ 61. Kb1 Rh1# 0-1

[Event "Int. Stuttgarter Stadtmeisterschaft C"]
[Site "Ditzingen"]
[Date "2016.05.06"]
[Round "4.31"]
[White "Klein, Werner"]
[Black "Abdullah, Danyar"]
[Result "1-0"]
[WhiteElo "1090"]
[BlackElo "733"]
[PlyCount "39"]
[EventDate "2016.??.??"]
[WhiteTeam "SV Stuttgart-Wolfbusch"]
[BlackTeam "SV Stuttgart-Wolfbusch"]

1. e4 e5 2. Nf3 Nc6 3. d3 Nf6 4. Be2 Bc5 5. O-O d6 6. a3 O-O 7. b4 Bd4 8. c3
Bxc3 9. Nxc3 Be6 10. d4 d5 11. exd5 Bxd5 12. dxe5 Ne7 13. exf6 gxf6 14. Bf4 Qd7
15. Bc4 Qd8 16. Bxd5 Rc8 17. Bxb7 Qxd1 18. Raxd1 Rcd8 19. Nb5 Rd7 20. Rxd7 1-0

[Event "Int. Stuttgarter Stadtmeisterschaft C"]
[Site "Ditzingen"]
[Date "2016.05.06"]
[Round "4.32"]
[White "Schott, Stefano"]
[Black "Schott, Abelardo"]
[Result "1/2-1/2"]
[WhiteElo "744"]
[BlackElo "913"]
[PlyCount "96"]
[EventDate "2016.??.??"]
[WhiteTeam "SF Nabern"]
[BlackTeam "SF Nabern"]

1. e4 e5 2. Nf3 Nc6 3. Bb5 d6 4. Bxc6+ bxc6 5. O-O Nf6 6. d3 h6 7. h3 Be7 8.
Nc3 O-O 9. b4 a6 10. a4 c5 11. b5 a5 12. Rb1 Re8 13. Nh4 d5 14. exd5 Bb7 15. --
Bxd5 {Vermutlich schlug der Läufer von c8 den Bauern auf d5.} 16. Nxd5 Nxd5
17. c4 Nc3 18. Qc2 Nxb1 19. Qxb1 Bxh4 20. Bb2 Re6 21. Re1 f6 22. Qa1 Qxd3 23.
Bxe5 fxe5 24. Rxe5 Rxe5 25. Qxe5 Qd1+ 26. Kh2 Qc1 27. Qd5+ Kh7 28. Qxa8 Qxc4
29. Qd8 Qxa4 30. g3 Qxb5 31. Qxh4 Qb4 32. Qxb4 cxb4 33. Kg1 b3 34. Kf1 b2 35.
Ke1 b1=Q+ 36. Ke2 Qb3 37. Kf1 Qxg3 38. fxg3 a4 39. Ke1 a3 40. Kd1 a2 41. Kc1
a1=Q+ 42. Kd2 Qa3 43. Ke2 Qxg3 44. Kf1 Qxh3+ 45. Ke1 c5 46. Kd2 c4 47. Kc2 Qd3+
48. Kc1 c3 1/2-1/2

[Event "Int. Stuttgarter Stadtmeisterschaft C"]
[Site "Ditzingen"]
[Date "2016.05.07"]
[Round "5.1"]
[White "Meißner, Mogens"]
[Black "Dietrich, Malte"]
[Result "1-0"]
[WhiteElo "1364"]
[BlackElo "1317"]
[PlyCount "85"]
[EventDate "2016.??.??"]
[WhiteTeam "SK Bietigheim-Bissingen"]
[BlackTeam "Rochade Metzingen"]

1. e4 e6 2. d3 d5 3. Nd2 c5 4. Ngf3 Nc6 5. g3 Bd6 6. Bg2 Nf6 7. O-O O-O 8. Re1
e5 9. Nf1 d4 10. Bd2 b6 11. h4 Ng4 12. N1h2 f6 13. Qc1 h6 14. Nxg4 Bxg4 15. Nh2
Be6 16. Kh1 Qd7 17. Rg1 Ne7 18. Bf3 Kh7 19. h5 Ng8 20. g4 Be7 21. Be2 Rf7 22.
f4 Qd8 23. g5 Rf8 24. f5 Bxf5 25. g6+ Bxg6 26. hxg6+ Kh8 27. Bg4 f5 28. Bxf5
Rxf5 29. exf5 Qd5+ 30. Rg2 Rf8 31. Qf1 e4 32. Qe2 e3 33. Be1 Rxf5 34. Kg1 Nf6
35. Bh4 Rf4 36. Bxf6 Bxf6 37. Rf1 Rxf1+ 38. Nxf1 Bh4 39. Ng3 Qg5 40. Ne4 Qf5
41. Qf1 Bf2+ 42. Nxf2 exf2+ 43. Qxf2 1-0

[Event "Int. Stuttgarter Stadtmeisterschaft C"]
[Site "Ditzingen"]
[Date "2016.05.07"]
[Round "5.2"]
[White "Thomas, Leonhard"]
[Black "Hackner, Felix"]
[Result "1/2-1/2"]
[WhiteElo "1410"]
[BlackElo "1339"]
[PlyCount "49"]
[EventDate "2016.??.??"]
[WhiteTeam "SV Fellbach"]
[BlackTeam "SC Kreut"]

1. e4 c5 2. Nc3 d6 3. Nf3 Nc6 4. d4 cxd4 5. Nxd4 g6 6. Nxc6 bxc6 7. Be3 Bg7 8.
Bd4 e5 9. Be3 Nf6 10. Bd3 O-O 11. O-O Be6 12. Bg5 Qb6 13. Bxf6 Bxf6 14. Na4 Qc7
15. Qe2 Rab8 16. b3 Be7 17. Rad1 d5 18. Rfe1 d4 19. Nb2 Bb4 20. Rf1 a5 21. a4
Bc3 22. Nc4 Bxc4 23. Bxc4 Kg7 24. f3 c5 25. h3 1/2-1/2

[Event "Int. Stuttgarter Stadtmeisterschaft C"]
[Site "Ditzingen"]
[Date "2016.05.07"]
[Round "5.3"]
[White "Jelisavac, Nenad"]
[Black "Barna, Janos"]
[Result "1-0"]
[WhiteElo "1275"]
[BlackElo "1322"]
[PlyCount "39"]
[EventDate "2016.??.??"]
[WhiteTeam "Matt Inn Dortmund"]
[BlackTeam "SC Leinfelden"]

1. d4 e6 2. Nf3 Nc6 3. e4 d6 4. Be2 Be7 5. O-O Nf6 6. Nc3 a6 7. Bf4 Nd7 8. d5
exd5 9. exd5 Nce5 10. Bg3 Bf6 11. Nxe5 Bxe5 12. Bxe5 Nxe5 13. f4 Ng6 14. Qd3
Ne7 15. f5 Ng8 16. Qg3 Qf6 17. Bd3 Ne7 18. Rae1 O-O 19. Rxe7 Qxe7 20. f6 1-0

[Event "Int. Stuttgarter Stadtmeisterschaft C"]
[Site "Ditzingen"]
[Date "2016.05.07"]
[Round "5.4"]
[White "Winkler, Robert"]
[Black "Stiefelmeyer, Michael"]
[Result "1/2-1/2"]
[WhiteElo "1413"]
[BlackElo "1214"]
[PlyCount "84"]
[EventDate "2016.??.??"]
[WhiteTeam "SC Kreut"]
[BlackTeam "SF Nabern"]

1. e4 Nc6 2. Nf3 f5 3. exf5 d5 4. d4 Bxf5 5. Nc3 Nf6 6. Bd3 Bxd3 7. Qxd3 Qd6 8.
a3 a6 9. O-O e6 10. Re1 Be7 11. Ne5 O-O 12. Re3 Nd7 13. Nxd7 Qxd7 14. Rh3 g6
15. Bh6 Rf7 16. Re1 Bf8 17. Bg5 Be7 18. Bd2 Bf6 19. Ne2 e5 20. c3 e4 21. Qg3
Qf5 22. Bf4 Nd8 23. Bxc7 Ne6 24. Bf4 Bxd4 25. Nxd4 Nxd4 26. cxd4 Qxf4 27. Qxf4
Rxf4 28. Rc1 Raf8 29. Rc2 e3 30. Rxe3 Rxd4 31. g3 Rd1+ 32. Kg2 d4 33. Re7 Rf7
34. Rcc7 Rxe7 35. Rxe7 b5 36. Ra7 d3 37. Rd7 Kf8 38. Kf3 Rd2 39. b4 h5 40. h4
Ke8 41. Rd4 Ke7 42. Ke3 Re2+ 1/2-1/2

[Event "Int. Stuttgarter Stadtmeisterschaft C"]
[Site "Ditzingen"]
[Date "2016.05.07"]
[Round "5.5"]
[White "Dhaneesh Naduvilayil"]
[Black "Postler, Jonathan"]
[Result "1-0"]
[WhiteElo "1350"]
[BlackElo "1204"]
[PlyCount "57"]
[EventDate "2016.??.??"]
[BlackTeam "TSV/RSK Esslingen"]

1. e4 e6 2. d4 d5 3. Nc3 Bb4 4. a3 Ba5 5. e5 Nd7 6. Nf3 c5 7. Bb5 cxd4 8. Qxd4
Bb6 9. Qg4 g6 10. Bg5 Ne7 11. Qh4 a6 12. Ba4 Ba5 13. b4 Bc7 14. Bxd7+ Bxd7 15.
O-O b5 16. Nd4 Rb8 17. Rfe1 a5 18. Bf6 Rf8 19. Nce2 a4 20. Nf4 Rb7 21. Nd3 Ra7
22. Rab1 Ra6 23. Nc5 Rb6 24. Rbd1 Rb8 25. Rd3 Rb6 26. Rc3 Rb8 27. Ree3 Rc8 28.
Nb7 Bb6 29. Nxd8 1-0

[Event "Int. Stuttgarter Stadtmeisterschaft C"]
[Site "Ditzingen"]
[Date "2016.05.07"]
[Round "5.6"]
[White "Erhardt, Kristian"]
[Black "Stecher, Oliver"]
[Result "0-1"]
[WhiteElo "1288"]
[BlackElo "1175"]
[PlyCount "90"]
[EventDate "2016.??.??"]
[WhiteTeam "Schach-Kids Bernhausen"]
[BlackTeam "SSV Zuffenhausen"]

1. e4 e5 2. Nf3 Nc6 3. Bb5 d6 4. c3 Nf6 5. d3 a6 6. Ba4 b5 7. Bc2 d5 8. O-O Bd6
9. Re1 Bg4 10. Nbd2 Qd7 11. h3 Bh5 12. Nf1 h6 13. Ng3 Bg6 14. Nh4 Bh7 15. Qf3
Ne7 16. Bxh6 Bxe4 17. dxe4 Rxh6 18. Nhf5 dxe4 19. Bxe4 Nxe4 20. Rxe4 Nxf5 21.
Nxf5 Rg6 22. Rxe5+ Bxe5 23. Qxa8+ Qd8 24. Qe4 Re6 25. Qf3 g6 26. Rd1 Qb8 27.
Qg4 Kf8 28. Qg5 Bf6 29. Qh6+ Kg8 30. Nd4 Rd6 31. Rd2 Qd8 32. Qf4 Bg5 33. Qe4
Bxd2 34. f4 Qf6 35. g3 Bc1 36. b4 Bb2 37. Qc2 Bxc3 38. Qxc3 Qxd4+ 39. Qxd4 Rxd4
40. a3 Rd3 41. Kf2 Rxa3 42. h4 Rb3 43. g4 Rh3 44. Kg2 Rxh4 45. Kg3 Rh1 0-1

[Event "Int. Stuttgarter Stadtmeisterschaft C"]
[Site "Ditzingen"]
[Date "2016.05.07"]
[Round "5.8"]
[White "Lautner, Peter"]
[Black "Hoffmann, Julian"]
[Result "1-0"]
[WhiteElo "1495"]
[BlackElo "912"]
[PlyCount "49"]
[EventDate "2016.??.??"]
[WhiteTeam "SC Kreut"]
[BlackTeam "Schach-Kids Bernhausen"]

1. e4 c5 2. Nf3 d6 3. Nc3 e6 4. d4 Nc6 5. dxc5 dxc5 6. Qxd8+ Nxd8 7. Nb5 Kd7 8.
Bf4 f6 9. O-O-O+ Kc6 10. Rxd8 Be7 11. Rd2 e5 12. Bg3 g5 13. h3 Be6 14. Be2 a6
15. Nc3 b5 16. Rhd1 b4 17. Nd5 Bf8 18. Nxe5+ Kb7 19. Nc4 a5 20. Nc7 Bxc4 21.
Bxc4 Rb8 22. Rd7 Rc8 23. Ba6+ Kb8 24. Nb5+ Bd6 25. Bxd6+ 1-0

[Event "Int. Stuttgarter Stadtmeisterschaft C"]
[Site "Ditzingen"]
[Date "2016.05.07"]
[Round "5.9"]
[White "Liu, Sijia Anna"]
[Black "Klebba, Adrian"]
[Result "1-0"]
[WhiteElo "1419"]
[BlackElo "1121"]
[PlyCount "69"]
[EventDate "2016.??.??"]
[WhiteTeam "SV Stuttgart-Wolfbusch"]
[BlackTeam "SV Altbach"]

1. e4 e6 2. d4 d5 3. Nd2 Nf6 4. e5 Nfd7 5. Bd3 c5 6. c3 Nc6 7. Ne2 Qb6 8. Nf3
Be7 9. O-O O-O 10. Bb1 Rd8 11. Qc2 Nf8 12. Bg5 h6 13. Bxe7 Nxe7 14. Nh4 Bd7 15.
f4 Rac8 16. dxc5 Qxc5+ 17. Kh1 Bb5 18. Rf3 Neg6 19. Nxg6 Nxg6 20. Nd4 Nf8 21.
f5 exf5 22. Nxf5 d4 23. Rg3 Qxe5 24. Nxh6+ Kh8 25. Nxf7+ Kg8 26. Nxe5 Re8 27.
Nf3 Re3 28. Qd2 Rce8 29. Bg6 R8e7 30. Re1 Rxe1+ 31. Nxe1 Nxg6 32. Rxg6 dxc3 33.
Qd8+ Be8 34. Qxe7 b5 35. Qxg7# 1-0

[Event "Int. Stuttgarter Stadtmeisterschaft C"]
[Site "Ditzingen"]
[Date "2016.05.07"]
[Round "5.10"]
[White "Friedl, Bastian"]
[Black "Winterkorn, Nikolaus"]
[Result "1/2-1/2"]
[WhiteElo "1204"]
[BlackElo "1376"]
[PlyCount "46"]
[EventDate "2016.??.??"]
[WhiteTeam "SF Freiberg"]
[BlackTeam "DJK Sportbund Stgt."]

1. e4 d6 2. d4 Nf6 3. Nc3 Bd7 4. Nf3 Bg4 5. h3 Bxf3 6. Qxf3 Nbd7 7. Bc4 e6 8.
Bf4 h6 9. O-O-O Be7 10. e5 Nh7 11. Qe3 Bg5 12. Bxg5 Qxg5 13. Qxg5 Nxg5 14. f4
Nh7 15. Rd2 d5 16. Bd3 O-O 17. g4 Rfc8 18. Rg1 c5 19. dxc5 Rxc5 20. h4 a6 21.
Rdg2 Nhf8 22. g5 h5 23. g6 f6 1/2-1/2

[Event "Int. Stuttgarter Stadtmeisterschaft C"]
[Site "Ditzingen"]
[Date "2016.05.07"]
[Round "5.11"]
[White "Lettenbichler, Leon"]
[Black "Leutschaft, Jonathan"]
[Result "0-1"]
[WhiteElo "1198"]
[BlackElo "1292"]
[PlyCount "60"]
[EventDate "2016.??.??"]
[WhiteTeam "TV Tegernsee"]
[BlackTeam "SF Kornwestheim"]

1. e4 e5 2. Nf3 Nc6 3. d4 exd4 4. Nxd4 d6 5. Be3 Nf6 6. Nc3 a6 7. Bc4 Ne5 8.
Bb3 Be7 9. h3 Bd7 10. Qe2 Nc6 11. a3 Qc8 12. Qd2 h6 13. Ba2 Nxd4 14. Qxd4 Be6
15. Qd2 Bxa2 16. Rxa2 Qe6 17. f3 O-O-O 18. Ra1 d5 19. exd5 Nxd5 20. O-O Qxe3+
21. Qxe3 Nxe3 22. Rf2 Bc5 23. Kh1 Rhe8 24. Re2 Nf5 25. Rxe8 Rxe8 26. Ne4 Ba7
27. Kh2 Rd8 28. Re1 Nd6 29. Ng3 Bf2 30. Rb1 Bxg3+ 0-1

[Event "Int. Stuttgarter Stadtmeisterschaft C"]
[Site "Ditzingen"]
[Date "2016.05.07"]
[Round "5.13"]
[White "Fekete, Jochen"]
[Black "Rashba, David"]
[Result "1/2-1/2"]
[WhiteElo "1151"]
[BlackElo "1240"]
[PlyCount "98"]
[EventDate "2016.??.??"]
[WhiteTeam "Stuttgarter SF"]
[BlackTeam "SC Sillenbuch"]

1. d4 d5 2. e3 c6 3. Nd2 Bf5 4. Ngf3 Nd7 5. b3 e6 6. a3 Bd6 7. Be2 h6 8. Bb2
Ngf6 9. Nf1 Ne4 10. N1d2 Ndf6 11. Nxe4 Bxe4 12. Bd3 O-O 13. Bxe4 Nxe4 14. O-O
Qc7 15. h3 Qe7 16. Qd3 Rfe8 17. Rfe1 Qf6 18. Rf1 Rad8 19. Qe2 Bc7 20. b4 b5 21.
c3 Ra8 22. Nd2 Nd6 23. Qd3 Qf5 24. Qxf5 Nxf5 25. a4 a6 26. e4 Ne7 27. e5 Bb6
28. a5 Ba7 29. Rad1 Nf5 30. Bc1 Nh4 31. Rfe1 Ng6 32. Nf1 Bb8 33. Rd3 Bc7 34.
Rg3 Bd8 35. Nh2 Bh4 36. Rd3 Kh7 37. g3 Be7 38. f4 f5 39. exf6 Bxf6 40. Ng4 Rad8
41. Ne5 Bxe5 42. fxe5 Rf8 43. Rf1 Rxf1+ 44. Kxf1 Rf8+ 45. Kg2 Nh8 46. Rf3 Nf7
47. h4 Kg8 48. g4 g5 49. h5 Rd8 1/2-1/2

[Event "Int. Stuttgarter Stadtmeisterschaft C"]
[Site "Ditzingen"]
[Date "2016.05.07"]
[Round "5.14"]
[White "Eid, Sami"]
[Black "Jünk, Ellen"]
[Result "0-1"]
[WhiteElo "1062"]
[BlackElo "1449"]
[PlyCount "44"]
[EventDate "2016.??.??"]
[WhiteTeam "SF Freiberg"]
[BlackTeam "SC Leinzell"]

1. e4 e5 2. Nf3 Nc6 3. Bc4 Nf6 4. Nc3 Bc5 5. d3 h6 6. O-O d6 7. Be3 Bb6 8. d4
exd4 9. Nxd4 Ne5 10. Bb3 O-O 11. Qd2 Nh7 12. Qe2 Re8 13. f4 Ng4 14. f5 Qh4 15.
h3 Nhf6 16. Rf4 h5 17. hxg4 Nxg4 18. Qc4 Qh2+ 19. Kf1 Nxe3+ 20. Kf2 Nxc4 21.
Bxc4 Bxd4+ 22. Kf3 g5 0-1

[Event "Int. Stuttgarter Stadtmeisterschaft C"]
[Site "Ditzingen"]
[Date "2016.05.07"]
[Round "5.15"]
[White "Höhne, Christoph"]
[Black "Hammann, Peter"]
[Result "0-1"]
[WhiteElo "1329"]
[BlackElo "1062"]
[PlyCount "150"]
[EventDate "2016.??.??"]
[WhiteTeam "SC Ingersheim"]
[BlackTeam "Rochade Metzingen"]

1. d4 d5 2. Nf3 Nf6 3. e3 Nbd7 4. Bd3 e6 5. b3 Bb4+ 6. Nbd2 Ne4 7. O-O Nxd2 8.
Bxd2 Ba3 9. Rb1 a5 10. Qe1 c5 11. e4 dxe4 12. Bxe4 cxd4 13. Nxd4 Nf6 14. Nf3
Nxe4 15. Qxe4 Bb4 16. Bg5 f6 17. Rbd1 Qc7 18. Bf4 Qe7 19. Rd3 O-O 20. Rfd1 e5
21. Be3 g6 22. Nd2 Bf5 23. Qd5+ Kg7 24. Ne4 Rfd8 25. Qb5 Rxd3 26. Rxd3 Rd8 27.
Rxd8 Qxd8 28. Qxb7+ Be7 29. f3 Bc8 30. Qb5 Qd1+ 31. Kf2 Qxc2+ 32. Qe2 Qc6 33.
Qc4 Qxc4 34. bxc4 f5 35. Nd2 f4 36. Bb6 Bb4 37. Nb3 a4 38. Nc5 a3 39. Ne4 Bf5
40. Ke2 h6 41. c5 Bd7 42. Nd6 Kf8 43. Kd3 Ke7 44. Ke4 Ke6 45. Kd3 Kd5 46. Ne4
Bb5+ 47. Kc2 Bc4 48. Nc3+ Bxc3 49. Kxc3 Bxa2 50. Kd3 Bc4+ 51. Kc2 a2 52. Kb2
a1=Q+ 53. Kxa1 Bf1 54. Kb2 Bxg2 55. Kc3 Bxf3 56. Kb4 e4 57. Bc7 g5 58. Kb5 e3
59. c6 e2 60. Ba5 Bg4 61. Be1 Kd6 62. Kb6 h5 63. Kb7 f3 64. c7 Ke5 65. Kc6 Bf5
66. Bf2 g4 67. Kc5 Ke4 68. Kc4 e1=Q 69. Bxe1 Ke3 70. Kd5 f2 71. Bxf2+ Kxf2 72.
Ke5 Bc8 73. Kf4 Kg2 74. Ke3 Kxh2 75. Kf2 g3+ 0-1

[Event "Int. Stuttgarter Stadtmeisterschaft C"]
[Site "Ditzingen"]
[Date "2016.05.07"]
[Round "5.16"]
[White "Maly, Jan"]
[Black "Abdullah, Aran"]
[Result "1-0"]
[WhiteElo "1268"]
[BlackElo "1038"]
[PlyCount "111"]
[EventDate "2016.??.??"]
[WhiteTeam "SF Kornwestheim"]
[BlackTeam "SV Stuttgart-Wolfbusch"]

1. e4 e5 2. Nf3 Nc6 3. Bc4 Bc5 4. Nc3 d6 5. h3 Be6 6. Bb3 Nf6 7. d3 h6 8. Qe2
Bb4 9. Bd2 Nd4 10. Nxd4 exd4 11. Nd5 Bxd2+ 12. Qxd2 Bxd5 13. Bxd5 Nxd5 14. exd5
Qe7+ 15. Qe2 Qxe2+ 16. Kxe2 O-O 17. Kd2 Rae8 18. f4 Re7 19. Rhe1 Rfe8 20. Rxe7
Rxe7 21. Re1 Rxe1 22. Kxe1 c6 23. dxc6 bxc6 24. c4 f5 25. h4 Kf7 26. b4 c5 27.
b5 Kg6 28. a4 Kf7 29. Kf2 Ke6 30. a5 Kd7 31. Kf3 Kc7 32. g4 g6 33. h5 fxg4+ 34.
Kxg4 gxh5+ 35. Kxh5 d5 36. b6+ axb6 37. a6 Kb8 38. f5 dxc4 39. f6 Ka7 40. f7
cxd3 41. f8=Q Kxa6 42. Qxh6 Kb5 43. Kg4 Kc4 44. Qd2 b5 45. Kf4 Kd5 46. Qxd3 c4
47. Qe4+ Kc5 48. Qe5+ Kb4 49. Qxd4 Kb3 50. Ke4 b4 51. Qe3+ c3 52. Kd3 Kb2 53.
Qe2+ Kb1 54. Qc2+ Ka1 55. Qa4+ Kb2 56. Qxb4+ 1-0

[Event "Int. Stuttgarter Stadtmeisterschaft C"]
[Site "Ditzingen"]
[Date "2016.05.07"]
[Round "5.17"]
[White "Dimitrov, Leon"]
[Black "Günther, Niclas"]
[Result "0-1"]
[WhiteElo "1033"]
[BlackElo "1213"]
[PlyCount "68"]
[EventDate "2016.??.??"]
[WhiteTeam "SF Freiberg"]
[BlackTeam "SF Freiberg"]

1. e4 e5 2. Nf3 Nc6 3. Bc4 Nf6 4. Nc3 Bc5 5. d3 d6 6. Be3 Bxe3 7. fxe3 Bg4 8.
h3 Bh5 9. g4 Bg6 10. Nd5 O-O 11. c3 a6 12. g5 Nxd5 13. Bxd5 Ne7 14. Bxb7 Ra7
15. Qb3 Qb8 16. Bd5 Nxd5 17. exd5 Rb7 18. Qc2 Rxb2 19. Qc1 Bxd3 20. Nd2 Rc2 21.
Qb1 Rxc3 22. Qxb8 Rxb8 23. Kf2 Rb2 24. Rhd1 Rcc2 25. Ke1 Rxa2 26. Rab1 f6 27.
Rb8+ Kf7 28. Rb3 e4 29. Rb4 f5 30. Rbb1 Kg6 31. h4 Kh5 32. Rbc1 Kxh4 33. Rxc2
Rxc2 34. Rb1 Rxd2 0-1

[Event "Int. Stuttgarter Stadtmeisterschaft C"]
[Site "Ditzingen"]
[Date "2016.05.07"]
[Round "5.21"]
[White "Kalwei, Reinhard"]
[Black "Bierkant, Sinan"]
[Result "1/2-1/2"]
[WhiteElo "1453"]
[BlackElo "928"]
[PlyCount "88"]
[EventDate "2016.??.??"]
[WhiteTeam "SC Aidlingen"]
[BlackTeam "GSV Hemmingen"]

1. e4 e6 2. d4 d5 3. Nd2 c5 4. c3 Nc6 5. Bb5 Bd7 6. Ngf3 Qb6 7. a4 a6 8. Be2
cxd4 9. Qb3 Qxb3 10. Nxb3 dxc3 11. bxc3 dxe4 12. Nfd4 Nxd4 13. Nxd4 Bd6 14. O-O
Nf6 15. Be3 O-O 16. Rfd1 Be5 17. f4 Bxd4 18. Bxd4 b5 19. Bxf6 gxf6 20. Rxd7
Rfd8 21. Rd4 Rxd4 22. cxd4 Rd8 23. axb5 axb5 24. Bxb5 Rxd4 25. Ra2 e3 26. g3 e5
27. fxe5 Rd1+ 28. Kg2 Rd2+ 29. Rxd2 exd2 30. Ba4 fxe5 31. Kf3 f6 32. g4 Kg7 33.
h4 h6 34. Ke2 h5 35. Bd7 hxg4 36. Bxg4 Kh6 37. Kxd2 f5 38. Be2 Kg6 39. Ke3 Kh6
40. Kf2 Kg6 41. Bf3 e4 42. Be2 f4 43. Bg4 Kh6 44. Bd1 f3 1/2-1/2